| 000 | 00801nam a22002297a 4500 | ||
|---|---|---|---|
| 999 |
_c96060 _d96060 |
||
| 005 | 20230627160049.0 | ||
| 010 | _a1516EN07 ENG-114889 | ||
| 020 |
_a9789350099872 _c499.00 |
||
| 035 | _aEN-98421 | ||
| 035 | _aB-611669-689 | ||
| 037 |
_adpl _bUBH/Ven |
||
| 037 | _bDBAD/PUB | ||
| 082 | _a270 | ||
| 100 | _aZiauddin Sardar | ||
| 245 |
_aReading the Quran: _bthe contemporary relevance of the sacred text of Islam / _cby Ziauddin Sardar |
||
| 260 |
_aLondon _bHachette Book Publishing _c2015 |
||
| 270 |
_a41, Great Russell Street _bLondon _eWCIB3PL |
||
| 300 |
_axxii,406p. _c23cm(pbk) |
||
| 500 | _aIncludes index | ||
| 942 |
_2ddc _cEN _mZIA _h270 |
||